01337nam a22002895a 450000500170000000800410001701000140005802000260007203500130009803500170011103700150012803700220014304000180016508200150018324501180019826000320031627000680034830000300041650000200044650002450046665000740071165000690078565000570085465000480091165000650095970000230102420090622140210.0081028s2009 wau 000 0 eng  aENG-94167 a9780415480253c650.00 aEN-77700 aB-361861-867 bDBAD / PUB bUppal Book Store  adplbEnglish  a809.819724 aSouthern postcolonialisms:cedited by Sumanyu Satpathybthe global South and the 'New' literary representations / aNew Delhi bRoutledgec2009 a912-915 Tolstoy House, 15-17 Tolstory Marg, bNew Delhie110001 axxxvii, 249p. c23cm(Hb)  aIncludes index  a"The present volume comprises essays selected from a major conference recently organized by the Department of English at the University of Delhi. Entitled ’Past the post? (New) literatures in English in a globalised world’ ..."--Introd. aCommonwealth literature (English)xHistory and criticismvCongresses. aPostmodernism (Literature) zCommonwealth countriesvCongresses. aPostcolonialismzCommonwealth countriesvCongresses. aPostcolonialism in literature vCongresses. aLiterature and societyzCommonwealth countries vCongresses. aSatpathy, Sumanyu